| 000 | 00481nam a2200181Ia 4500 | ||
|---|---|---|---|
| 008 | 240925s9999 xx 000 0 und d | ||
| 020 | _a70548544 | ||
| 082 | _a004 SAN | ||
| 100 | _aSanders ,Donald H. | ||
| 245 | 0 | _aComputers Today | |
| 250 | _a3rd | ||
| 260 |
_aNew York: _bMcGraw-Hill _c,1988. |
||
| 300 |
_axix,750p. _bNA _fOriginal |
||
| 500 | _aIncludes Index | ||
| 600 | _aEngineering Technology | ||
| 650 | _aComputer science, information & general works | ||
| 942 | _cBK | ||
| 999 |
_c2744 _d2744 |
||